52 cerita untuk Si Cilik

Bibliographic Details
Main Author: Nazrie Haslieanie
Other Authors: Rosmi B Abd Rahman
Format: Book
Published: Kuala Lumpur : Kohwai & Young Publication (M) Sdn. Bhd. , 2017
Series:Cerdik Muslim
Subjects:

MARC

LEADER 00000cam a2200000 7i4500
001 0000083208
005 20190320.0
008 190320
020 |a 9789673965557 
041 0 |a Malay 
090 0 0 |a JF   |b MOR MAL 
100 0 |a Nazrie Haslieanie 
245 0 0 |a 52 cerita untuk Si Cilik   |c Nazrie Haslieanie & Firaus Firzana 
260 |a Kuala Lumpur :   |b Kohwai & Young Publication (M) Sdn. Bhd. ,   |c 2017 
300 |a 104p. :   |b col.ill. ;   |c 21cm. 
490 0 |a Cerdik Muslim 
500 |a Children ages 7-9 years old (orange) 
541 0 0 |c Purchased on 2018   |f 0137/18 SEJ   |h RM15.90 
650 0 |a Children's stories, Malay 
700 0 |a Rosmi B Abd Rahman 
999 |a 0001563312   |b Book   |c Children Collection   |e Cawangan Bukit Gambir 
999 |a 0001563313   |b Book   |c Children Collection   |e Cawangan Tangkak 
999 |a 0001563315   |b Book   |c Children Collection   |e Cawangan Mersing 
999 |a 0001563316   |b Book   |c Children Collection   |e Cawangan Pontian 
999 |a 0001563317   |b Book   |c Children Collection   |e Cawangan Taman Universiti 
999 |a 0001563318   |b Book   |c Children Collection   |e Cawangan Bandar Tenggara 
999 |a 0001563319   |b Book   |c Children Collection   |e Cawangan Bandar Penawar 
999 |a 0001563320   |b Book   |c Children Collection   |e Cawangan Segamat 
999 |a 0001563321   |b Book   |c Children Collection   |e Cawangan Tmn. Ungku Tun Aminah 
999 |a 0001563323   |b Book   |c Children Collection   |e Cawangan Batu Pahat 
999 |a 0001563324   |b Book   |c Children Collection   |e Cawangan Kota Tinggi 
999 |a 0001563325   |b Book   |c Children Collection   |e Cawangan Taman Sri Lambak 
999 |a 0001563547   |b Book   |c Children Collection   |e Cawangan Urban Transformation Centre 
999 |a 0001563548   |b Book   |c Children Collection   |e Cawangan AEON Kulaijaya